000 00867cam a2200241 i 4500
020 _a0849301254 (v. 1)
040 _cDLC
082 0 0 _a541 CRC 1977 A023 Or.
245 0 0 _aChemistry and physics of solid surfaces /
260 _aCleveland :
_bCRC Press,
_cc1977-<c1990 >
300 _av. <1-8 > :
_bill. (some col.) ;
_c27 cm.
490 1 _av. 6-8: Springer series in surface sciences ;
500 _aAt head of title, v. 1: CRC.
500 _aVol. 3 edited by: Ralf Vanselow, Walter England; v. 5-<8 > edited by R. Vanselow and R. Howe.
500 _aVols. 2-3 published in: Boca Raton, Fla.
500 _aVols. 4-<8 > published: Berlin ; New York : Springer-Verlag.
500 _aVols. 1-3: no series.
650 0 _aSurface chemistry.
650 0 _aSolid state chemistry.
700 1 _aVanselow, Ralf.
700 1 _aTong, S. Y.
942 _cEK
999 _c16237
_d16237